MARC details
| 000 -LEADER |
| campo de control de longitud fija |
01903nkc a22002537a 4500 |
| 001 - NÚMERO DE CONTROL |
| campo de control |
85842 |
| 005 - FECHA Y HORA DE LA ÚLTIMA TRANSACCIÓN |
| campo de control |
20260429121521.0 |
| 007 - CAMPO FIJO DE DESCRIPCIÓN FÍSICA--INFORMACIÓN GENERAL |
| campo de control de longitud fija |
kh bo |
| 008 - DATOS DE LONGITUD FIJA--INFORMACIÓN GENERAL |
| campo de control de longitud fija |
260429s1925 sp ||||| |||| |0| i|spa d |
| 040 ## - FUENTE DE CATALOGACIÓN |
| Centro catalogador/agencia de origen |
M-RABA |
| Lengua de catalogación |
spa |
| Centro/agencia transcriptor |
M-RABA |
| 245 01 - MENCIÓN DEL TÍTULO |
| Título |
[Pintura del S.XVII |
| Resto del título |
:Velázquez, Ribera y Jusepe Leonardo] |
| Medio |
[Material gráfico] |
| 260 ## - PUBLICACIÓN, DISTRIBUCIÓN, ETC. |
| Fecha de publicación, distribución, etc. |
, 1925 |
| 300 ## - DESCRIPCIÓN FÍSICA |
| Extensión |
4 fotografías |
| Otras características físicas |
: aristotipo |
| Dimensiones |
, imagen 24 x 18 cm (medidas máximas) |
| 500 00 - NOTA GENERAL |
| Nota general |
Conjunto de 4 fotografías que representan diferentes cuadros de los pintores Velázquez, Ribera y Jusepe Leonardo. |
| 500 00 - NOTA GENERAL |
| Nota general |
Fot-806: Príncipe Baltasar Carlos a caballo (Velázquez). Este cuadro se conserva actualmente en el Museo del Prado (Madrid).<br/>Fot-807: Muchacha con pandero, el oído (Ribera). El cuadro fue vendido por Sotheby's en 2019.<br/>Fot-808: San Juan Bautista (Jusepe Leonardo). Una versión de este cuadro atribuida a Jusepe Leonardo se conserva en Los Angeles County Museum of Art.<br/>Fot-809: San Juan Bautista. Detalle. (Jusepe Leonardo). Detalle de FOT-808. <br/> |
| 500 00 - NOTA GENERAL |
| Nota general |
Fecha de las fotografías tomada de una anotación a lápiz en el reverso de Fot-807. |
| 655 #7 - TERMINO DE INDIZACIÓN--GENERO/FORMA |
| Datos o término principal de género/forma |
Fotografías de obras de arte |
| 9 (RLIN) |
75675 |
| 852 ## - LOCALIZACIÓN |
| Número de control de estantería |
Fot-806; Fot-807; Fot-808; Fot-809 |
| 856 ## - LOCALIZACIÓN Y ACCESO ELECTRÓNICOS |
| Identificador Uniforme de Recurso |
<a href="https://archivoybiblioteca.realacademiabellasartessanfernando.com/cgi-bin/koha/opac-retrieve-file.pl?id=e7d8ebd26da458115927fd59fd593e36">https://archivoybiblioteca.realacademiabellasartessanfernando.com/cgi-bin/koha/opac-retrieve-file.pl?id=e7d8ebd26da458115927fd59fd593e36</a> |
| Texto de enlace |
Fot-806 |
| 856 ## - LOCALIZACIÓN Y ACCESO ELECTRÓNICOS |
| Identificador Uniforme de Recurso |
<a href="https://archivoybiblioteca.realacademiabellasartessanfernando.com/cgi-bin/koha/opac-retrieve-file.pl?id=72ba44f25b591a2e47ccc893ccb7f082">https://archivoybiblioteca.realacademiabellasartessanfernando.com/cgi-bin/koha/opac-retrieve-file.pl?id=72ba44f25b591a2e47ccc893ccb7f082</a> |
| Texto de enlace |
Fot-807 |
| 856 ## - LOCALIZACIÓN Y ACCESO ELECTRÓNICOS |
| Identificador Uniforme de Recurso |
<a href="https://archivoybiblioteca.realacademiabellasartessanfernando.com/cgi-bin/koha/opac-retrieve-file.pl?id=65fd82da76682d7ec1809d8a44372306">https://archivoybiblioteca.realacademiabellasartessanfernando.com/cgi-bin/koha/opac-retrieve-file.pl?id=65fd82da76682d7ec1809d8a44372306</a> |
| Texto de enlace |
Fot-808 |
| 856 ## - LOCALIZACIÓN Y ACCESO ELECTRÓNICOS |
| Identificador Uniforme de Recurso |
<a href="https://archivoybiblioteca.realacademiabellasartessanfernando.com/cgi-bin/koha/opac-retrieve-file.pl?id=50a8508591d20c9c05bce73c08e804b0">https://archivoybiblioteca.realacademiabellasartessanfernando.com/cgi-bin/koha/opac-retrieve-file.pl?id=50a8508591d20c9c05bce73c08e804b0</a> |
| Texto de enlace |
Fot-809 |
| 942 ## - ELEMENTOS DE ENTRADA SECUNDARIOS (KOHA) |
| Tipo de ítem Koha |
Fotografías |
| Suprimir en OPAC |
No |